000 00666nam a22002417a 4500
003 UA-OsUOA
001 85507
007 ta
008 20120703b un ||||| |||| 00| 0 ukr d
100 _aНосов С.
090 _a821.161.2
_bН84
942 _cBK
040 _aUA-OsUOA
_brus
_cUA-OsUOA
_dUA-OsUOA
245 _aДайте мне обезьяну... и я сделаю из нее президента
300 _a320 с.
955 _a3
041 _arus
080 _a821.161.2
020 _a5-699-04299-7
260 _aМ.
_bДомино
_c2003
650 7 _a82 Література. Літературознавство
_2UDC
999 _c371812
_d371812